Najrzadziej zgadywane stany USA - Statystyki

Ogólne statystyki
  • Ten quiz został rozwiązany 42 razy
  • Średni wynik to 6 z 10
Statystyki odpowiedzi
% Stan % Poprawnych
27 Rhode Island
83%
24 Vermont
77%
25 Maryland
74%
24 New Hampshire
74%
24 Delaware
63%
29 Tennessee
63%
28 Wirginia Zachodnia
60%
25 Connecticut
57%
29 Massachusetts
51%
29 Wisconsin
43%
Nie znaleziono quizów pasujących do podanych kryteriów
Rozkład punktacji
Procent ludzi z każdym wynikiem
Percentyl według liczby udzielonych odpowiedzi
Twoja historia wyników
Nie rozwiązałeś tego quizu